000 00458nam a2200157Ia 4500
999 _c2743
_d2743
003 OSt
005 20200818100010.0
008 190216s9999||||xx |||||||||||||| ||und||
040 _coclc
082 _a547.30858
_bSHA/E
100 _aSharma, Y R
_94167
245 0 _aElementary Organic Spectroscopy /
_cY R Sharma
260 _bS Chand & Co,
_c1989.
_aNew Delhi:
300 _a295p
942 _cBK
_2ddc
_h547.30858
_iSHA/E
_k547.30858
_mSHA/E